| 000 | 00357nam a2200133Ia 4500 | ||
|---|---|---|---|
| 008 | 130318s9999 xx 000 0 und d | ||
| 020 | _a9780470828496 | ||
| 082 | _a005.18 BAI/D | ||
| 100 | _aBailey, Donald G | ||
| 245 | _aDesign for embedded image processing on FPGAs | ||
| 260 |
_bWiley _aIndia _c2011 |
||
| 300 | _a482 | ||
| 650 | _aEMBEDDED COMPUTER SYSTEMS | ||
| 999 |
_c2149 _d2149 |
||